00220nam a22001097a 4500003000400000082001600004100001800020245003500038260001500073300000700088650001500095SGT a612.8bC19S aSETHI, CHIRAG aCORRELATION OF BODY MASS INDEX aSGTUc2019 a65 aNEUROLOGY